La Sacra Bibbia ossia Vecchio e Nuovo Testamento secondo La Volgata

Gespeichert in:
Bibliographische Detailangaben
1. Verfasser: Martini, Antonio (autor)
Format: Buch
Sprache:Italienisch
Veröffentlicht: León Lione e Parigi 1847
Ausgabe:1a. ed
Schlagworte:
Tags: Tag hinzufügen
Keine Tags, Fügen Sie den ersten Tag hinzu!

MARC

LEADER 00000cam a2200000 a 4500
001 UCD2633
003 CL-VaPUC
008 160505e18470000sp |||||||||||||||||ita|d
082 0 4 |a 220  |b MAR  |2 21 
100 |a Martini, Antonio  |e autor  |9 586186 
245 1 3 |a La Sacra Bibbia ossia Vecchio e Nuovo Testamento secondo La Volgata 
250 |a 1a. ed 
300 |a v 
942 |c BK 
945 |d 20160505 16:04:00  |a dcastane 
260 |a León  |b Lione e Parigi  |c 1847 
650 0 |a Biblia  |9 257603 
650 0 |a Antiguo testamento   |9 313678 
650 0 |a Nuevo testamento  |9 257604 
583 |a last modification  |c 20160505 16:04:00  |k Rodrigo Vera 
999 |c 363755  |d 363753 
952 |0 0  |1 0  |3 erd  |4 0  |6 220_000000000000000_MAR_1847  |7 0  |8 X  |9 476438  |a BIBTEO  |b BIBTEO  |c TEO_FFR  |h v.1  |i 5229812  |o 220 MAR 1847  |p 5229812  |r 2024-01-18  |w 2019-11-24  |y BK_X  |z Catalogado en:20160505  |k OFM 
952 |0 0  |1 0  |3 erd  |4 0  |6 220_000000000000000_MAR_1847  |7 0  |8 X  |9 476439  |a BIBTEO  |b BIBTEO  |c TEO_FFR  |h v.2  |i 5229820  |o 220 MAR 1847  |p 5229820  |r 2024-01-18  |w 2019-11-24  |y BK_X  |z Catalogado en:20160505  |k OFM 
952 |0 0  |1 0  |3 erd  |4 0  |6 220_000000000000000_MAR_1847  |7 0  |8 X  |9 476440  |a BIBTEO  |b BIBTEO  |c TEO_FFR  |h v.3  |i 5229839  |o 220 MAR 1847  |p 5229839  |r 2024-01-18  |w 2019-11-24  |y BK_X  |z Catalogado en:20160505  |k OFM